Loading...
| Literature - British Literature | 0 | 7 | 0 | 1 | 70 | 57 | 121.29 | 0 | 1 |
| Literature - World Literature | 0 | 6 | 0 | 0 | 60 | 51 | 105.17 | 1 | 1 |
| Literature - European Literature | 0 | 6 | 1 | 1 | 55 | 62 | 96.17 | 1 | 2 |
| Literature - American Literature | 0 | 6 | 3 | 0 | 45 | 27 | 94.67 | 1 | 1 |
| Religion | 0 | 2 | 0 | 1 | 20 | 116 | 123.00 | 0 | 0 |
| Science - Other Science | 0 | 2 | 0 | 2 | 20 | 127 | 133.00 | 0 | 0 |
| Social Science | 0 | 1 | 0 | 0 | 10 | 129 | 129.00 | 0 | 0 |
| Philosophy | 0 | 1 | 0 | 0 | 10 | 140 | 140.00 | 0 | 0 |
| Science - Physics | 0 | 1 | 0 | 1 | 10 | 140 | 140.00 | 0 | 0 |
| Fine Arts - Other Fine Arts | 0 | 1 | 0 | 0 | 10 | 110 | 110.00 | 0 | 0 |
| Science - Biology | 0 | 1 | 0 | 0 | 10 | 111 | 111.00 | 0 | 0 |
| Science - Chemistry | 0 | 1 | 0 | 1 | 10 | 130 | 130.00 | 0 | 0 |
| Painting & Sculpture | 0 | 1 | 1 | 0 | 5 | 125 | 125.00 | 0 | 0 |
| Mythology | 0 | 1 | 1 | 0 | 5 | 129 | 129.00 | 0 | 0 |